000 01481nam a2200277 a 4500
001 1814117
003 AM-YEHGA
005 20250617164652.0
008 220120s2021 ai d||||||||||||||0|arm|d
020 _a9789939606859
040 _aAM-YeHGA
041 0 _aarm
100 1 _aՄարտիրոսյան, Նաիրա Հրանտի
245 1 0 _aՄիջոցառումը՝ որպես կրտսեր ղպրոցականի դաստիարակության տեխնոլոգիա ։
_bՈւսումնամեթոդական ձեռնարկ /
_cՆ.Հ. Մարտիրոսյան ; Խմբագիրներ՝ Լ.Մ. Պետրոսյան, Մ.Հ. Բաբախանյան ; Գրախոսներ՝ Ի.Ռ. Սարգսյան, Մ.Հ. Բաբախանյան.
260 _aԵրևան :
_bՎՄՎ-Պրինտ,
_c2021.
300 _a128 էջ ։
_bաղյուսակներ ;
_c21 սմ.
504 _aՕգտագործված գրականության ցանկ՝ էջ 125-127։
650 1 4 _aԱրտադասարանական միջոցառումներ
_vՈւսումնամեթոդական ձեռնարկներ
650 1 4 _aՏարրական դպրոցական կրթություն
_vՈւսումնամեթոդական ձեռնարկներ
700 1 _aՊետրոսյան, Լ.Մ.
_eխմբագիր
_4edt
700 1 _aԲաբախանյան, Մ.Հ.
_eխմբագիր
_4edt
700 1 _aՍարգսյան, Ի.Ռ.
_eգրախոս
_4rev
700 1 _aԲաբախանյան, Մ.Հ.
_eգրախոս
_4rev
942 _2udc
_cBK
090 _c565675
999 _c527566
_d527566